Hunterxhunter personnage arc 1 - Statistiques

Statistiques générales
  • Ce quiz a été pris 197 fois
  • Le résultat moyen est 8 sur 9
Statistiques - réponses
Par images Réponse % Correct
gon
100%
kirua
99%
kurapika
97%
leolio
97%
hisoka
96%
netero
87%
illumi
81%
tonpa
71%
hanzo
55%
Aucun quiz correspondant
Distribution des résultats
% des personnes avec chaque résultat
Percentile par nombre de réponses
Votre historique - résultats
Vous n’avez pas pris ce quiz